[Event "OLNW 2122 SV Hellern - SV Werder Bremen"]
[Site "?"]
[Date "2022.05.01"]
[Round "9.5"]
[White "Franke, Reiner"]
[Black "Happe, Reinhold"]
[Result "1-0"]
[WhiteElo "2228"]
[BlackElo "2119"]
[PlyCount "143"]
[EventDate "2022.??.??"]

1. c4 e6 2. g3 Nf6 3. Bg2 d5 4. Nf3 d4 5. e3 c5 6. exd4 cxd4 7. O-O Nc6 8. d3
h6 9. Bf4 Bd6 10. Bxd6 Qxd6 11. Na3 O-O 12. Nb5 Qc5 13. a3 Rd8 14. b4 Qe7 15.
c5 a5 16. Qb3 e5 17. Nd6 Be6 18. Qb2 axb4 19. axb4 Rxa1 20. Rxa1 Bd5 21. Re1 b6
22. Nxd4 Nxd4 23. Qxd4 bxc5 24. bxc5 Bxg2 25. Rxe5 Qc7 26. Kxg2 Qc6+ 27. Kg1
Ra8 28. Re1 Ra4 29. Qe3 Qd5 30. Rc1 Rd4 31. c6 Rxd3 32. Qxd3 Qxd3 33. c7 Qxd6
34. c8=Q+ Kh7 35. Qf5+ g6 36. Qf3 Qe5 37. Rc6 Kg7 38. Qc3 Qxc3 39. Rxc3 h5 40.
h4 Ne4 41. Rc7 Nd6 42. Kg2 Nf5 43. Kf3 Nd4+ 44. Ke4 Ne6 45. Ra7 Nc5+ 46. Kd4
Ne6+ 47. Ke5 Nc5 48. Ra3 Nd7+ 49. Kd6 Nf6 50. Rf3 Ne4+ 51. Ke7 f5 52. Ke6 Kh6
53. Ke5 Kg7 54. Rf4 Kf7 55. Rf3 Kg7 56. Kf4 Kf6 57. Ke3 Ke5 58. Ke2 Nc5 59.
Re3+ Kf6 60. Rc3 Ne6 61. Rc6 Ke5 62. Ke3 f4+ 63. gxf4+ Nxf4 64. Rc5+ Nd5+ 65.
Kf3 Ke6 66. Rc6+ Kf5 67. Rc5 Ke6 68. Ke4 Nf6+ 69. Kf4 Kf7 70. Rc7+ Ke6 71. Rg7
Nd5+ 72. Kg5 1-0

[Event "OLNW 2122 SV Hellern - SV Werder Bremen"]
[Site "?"]
[Date "2022.05.01"]
[Round "9.6"]
[White "Lewin, Tammo"]
[Black "Heldt, Nils-Lennart"]
[Result "1-0"]
[WhiteElo "2065"]
[BlackElo "2072"]
[PlyCount "93"]
[EventDate "2022.??.??"]

1. d4 d5 2. c4 c6 3. Nf3 Nf6 4. e3 Bf5 5. Nc3 e6 6. Bd3 Bg6 7. O-O Bd6 8. Re1
Nbd7 9. e4 dxc4 10. Bxc4 e5 11. d5 Qc7 12. dxc6 bxc6 13. Bg5 O-O 14. Nh4 Rab8
15. Nxg6 hxg6 16. Rc1 Bc5 17. Bb3 Bd4 18. Qf3 Qd6 19. Na4 Nb6 20. Nxb6 axb6 21.
Bxf6 gxf6 22. Rc2 Kg7 23. g3 c5 24. Kg2 b5 25. Bd5 Rfd8 26. h4 Rh8 27. b3 Qd7
28. Rh1 Rh6 29. a3 Rbh8 30. Ra2 g5 31. h5 g4 32. Qe2 Rxh5 33. Rxh5 Rxh5 34. a4
bxa4 35. bxa4 f5 36. Qb5 Qe7 37. exf5 Rxf5 38. Be4 Rh5 39. Qb7 Qe6 40. Bd5 Qf6
41. a5 Rf5 42. f3 gxf3+ 43. Bxf3 Qg5 44. a6 Qe3 45. a7 Rg5 46. Kh3 Qe1 47. Bg4
1-0

[Event "OLNW 2122 SV Hellern - SV Werder Bremen"]
[Site "?"]
[Date "2022.05.01"]
[Round "9.7"]
[White "Pollmann, Sascha"]
[Black "Hart, Martin"]
[Result "0-1"]
[WhiteElo "2080"]
[BlackElo "2021"]
[PlyCount "72"]
[EventDate "2022.??.??"]

1. g3 c5 2. Bg2 Nc6 3. f4 d5 4. Nf3 g6 5. O-O Bg7 6. d3 e6 7. c3 Nge7 8. Na3
O-O 9. e4 Rb8 10. e5 b5 11. Nc2 d4 12. cxd4 cxd4 13. Ng5 Qb6 14. Qe2 a5 15. Ne4
Rd8 16. g4 Nd5 17. g5 b4 18. Rf3 Nce7 19. Bh3 Bb7 20. Rg3 Rbc8 21. Qf2 Nf5 22.
Bxf5 exf5 23. Nd6 Rxd6 24. exd6 Qc6 25. d7 Qxd7 26. Ne1 Qc6 27. Ng2 Re8 28. Bd2
Qc2 29. Be1 Re2 30. Qf3 Bc6 31. Rc1 Rxg2+ 32. Rxg2 Qxc1 33. Qe2 Nxf4 34. Qd2
Nh3+ 35. Kf1 Bxg2+ 36. Kxg2 Nf4+ 0-1

[Event "OLNW 2122 SV Hellern - SV Werder Bremen"]
[Site "?"]
[Date "2022.05.01"]
[Round "9.8"]
[White "Andre, Wolfgang"]
[Black "Diederichsen, Detlev"]
[Result "0-1"]
[WhiteElo "2142"]
[BlackElo "2170"]
[PlyCount "94"]
[EventDate "2022.??.??"]

1. e4 e5 2. Nf3 Nc6 3. Bb5 a6 4. Bxc6 dxc6 5. O-O Ne7 6. Nxe5 Qd4 7. Qh5 g6 8.
Qg5 Bg7 9. Nf3 Qa4 10. c3 Be6 11. d4 h6 12. Qg3 O-O-O 13. Nbd2 f5 14. b3 Qa5
15. Bb2 g5 16. Ne1 c5 17. d5 Bd7 18. Nc4 Qb5 19. d6 f4 20. Qd3 Be6 21. e5 Bxc4
22. Qh3+ Kb8 23. dxe7 Rde8 24. bxc4 Qxb2 25. Nd3 Qxc3 26. Nxc5 Qxh3 27. gxh3
Rxe7 28. Rab1 b6 29. Nxa6+ Kb7 30. Nc5+ Kc6 31. Nd3 Bxe5 32. Nb4+ Kc5 33. Nd3+
Kd4 34. Nb4 Ke4 35. Rfe1+ Kf5 36. Kg2 Rd7 37. Nc6 Bf6 38. Re2 Rd6 39. Nb4 c6
40. c5 bxc5 41. Na6 Rd3 42. Rc2 f3+ 43. Kf1 Rhd8 44. Rxc5+ Kg6 45. Rcc1 Rd2 46.
Nc5 Kf5 47. Nb7 R8d5 0-1

[Event "OLNW 2122 SK Nordhorn Blanke - SF Hanno"]
[Site "?"]
[Date "2022.05.15"]
[Round "5.1"]
[White "Pubantz, Jan"]
[Black "Kroeze, Frank"]
[Result "1/2-1/2"]
[WhiteElo "2265"]
[BlackElo "2386"]
[PlyCount "83"]
[EventDate "2022.??.??"]

1. d4 d5 2. c4 e6 3. Nf3 c5 4. cxd5 exd5 5. g3 Nf6 6. Bg2 Nc6 7. O-O Be7 8.
dxc5 Bxc5 9. a3 O-O 10. b4 Bb6 11. Bb2 Re8 12. Nc3 Bg4 13. Na4 Bc7 14. Ne5 b6
15. Nd3 Rc8 16. Rc1 Bd6 17. Nf4 Bxf4 18. gxf4 Nh5 19. Qd2 Bf3 20. Bxf3 Qh4 21.
e3 Ne7 22. Kh1 Nf5 23. Rxc8 Rxc8 24. Rg1 Qh3 25. Qxd5 h6 26. Be4 Ne7 27. Qd4
Kf8 28. Qd2 Nf6 29. Bg2 Qh4 30. Bxf6 Qxf6 31. Bf3 Nf5 32. Qd5 Rd8 33. Qe5 Qxe5
34. fxe5 Rd2 35. Kg2 Nxe3+ 36. Kg3 Nc4 37. Re1 Rd3 38. Kg2 Nxa3 39. e6 fxe6 40.
Rxe6 Rd4 41. Bh5 Rd8 42. Re5 {(=)} 1/2-1/2

[Event "OLNW 2122 SK Nordhorn Blanke - SF Hanno"]
[Site "?"]
[Date "2022.05.15"]
[Round "5.4"]
[White "Bertholee, Rob"]
[Black "Herrmann, Andreas"]
[Result "1-0"]
[WhiteElo "2317"]
[BlackElo "2057"]
[PlyCount "51"]
[EventDate "2022.??.??"]

1. c4 Nf6 2. Nc3 e6 3. Nf3 Bb4 4. Qc2 O-O 5. a3 Bxc3 6. Qxc3 b6 7. b4 Ne4 8.
Qc2 f5 9. d3 Nf6 10. g3 Bb7 11. Bg2 a5 12. b5 c5 13. bxc6 Nxc6 14. O-O Rb8 15.
Rb1 h6 16. Be3 Ba6 17. Nd4 Nxd4 18. Bxd4 d6 19. Rb3 e5 20. Be3 Qc7 21. Qb2 Nd7
22. Rb1 b5 23. cxb5 f4 24. Rc1 Qd8 25. bxa6 fxe3 26. Rxb8 1-0

[Event "OLNW 2122 SK Nordhorn Blanke - SF Hanno"]
[Site "?"]
[Date "2022.05.15"]
[Round "5.5"]
[White "Ploog, Martin"]
[Black "Stotyn, Fabian"]
[Result "0-1"]
[WhiteElo "2049"]
[BlackElo "2178"]
[PlyCount "140"]
[EventDate "2022.??.??"]

1. e4 e6 2. d4 d5 3. e5 c5 4. c3 Nc6 5. Nf3 Nge7 6. Na3 cxd4 7. cxd4 Nf5 8. Nc2
Bd7 9. Bd3 Be7 10. g4 Nh4 11. Nxh4 Bxh4 12. Be3 Rc8 13. O-O Be7 14. f4 a6 15.
f5 Na5 16. f6 gxf6 17. exf6 Bd6 18. Bh6 Bf8 19. Bxf8 Rxf8 20. g5 Bb5 21. Bxb5+
axb5 22. Qd3 Nc4 23. Qxh7 Nd2 24. g6 fxg6 25. Qxg6+ Kd7 26. Qg7+ Kc6 27. f7
Nxf1 28. Rxf1 Kb6 29. Qg6 Qe7 30. Ne3 Ka7 31. Ng4 Qb4 32. Qd3 Rc4 33. Rf4 Rc1+
34. Kg2 Qxb2+ 35. Rf2 Qb4 36. Ne5 Rc7 37. h4 Kb8 38. Qg3 Ka7 39. Qd3 Kb6 40.
Qe3 Qb1 41. Qh6 Qe4+ 42. Kh2 Qxd4 43. Re2 Qc5 44. Qxe6+ Ka7 45. Nd7 Rxd7 46.
Qxd7 Qc4 47. Qe7 Qf4+ 48. Kg2 Rxf7 49. Qc5+ b6 50. Re7+ Rxe7 51. Qxe7+ Ka6 52.
Qa3+ Kb7 53. Qe7+ Kc6 54. Qe6+ Kc5 55. Qe7+ Kc4 56. Qe2+ Kb4 57. Qb2+ Kc4 58.
Qe2+ Kc3 59. Qe1+ Kb2 60. Qe2+ Ka3 61. h5 b4 62. Qa6+ Kb2 63. Qe2+ Kb1 64. Qd1+
Kxa2 65. Qxd5+ b3 66. Qa8+ Kb1 67. Qd5 Kc2 68. Qc6+ Kd1 69. h6 b2 70. Qxb6 Qe4+
0-1

[Event "OLNW 2122 SK Nordhorn Blanke - SF Hanno"]
[Site "?"]
[Date "2022.05.15"]
[Round "5.6"]
[White "Bierenbroodspot, Paul"]
[Black "Spiess, Thomas"]
[Result "1-0"]
[WhiteElo "2089"]
[BlackElo "1992"]
[PlyCount "54"]
[EventDate "2022.??.??"]

1. e4 c5 2. Nf3 e6 3. d4 cxd4 4. Nxd4 Nc6 5. Be3 a6 6. Be2 Nf6 7. Nd2 Qc7 8.
O-O d5 9. Nxc6 bxc6 10. Bd3 Be7 11. f4 dxe4 12. Bxe4 Rb8 13. Qf3 O-O 14. Bd3
Nd5 15. Bd4 Rb4 16. c4 Bf6 17. Bc5 Rxb2 18. Ne4 Be7 19. cxd5 cxd5 20. Bxe7 dxe4
21. Qxe4 Qb6+ 22. Kh1 f5 23. Qe5 Bb7 24. Rg1 Qf2 25. Bf1 Rc8 26. Qxe6+ Kh8 27.
Rd1 h6 1-0

[Event "OLNW 2122 SK Nordhorn Blanke - SF Hanno"]
[Site "?"]
[Date "2022.05.15"]
[Round "5.7"]
[White "Arntz, Christoph"]
[Black "Hoellmann, Ludger"]
[Result "1/2-1/2"]
[WhiteElo "1892"]
[BlackElo "2106"]
[PlyCount "80"]
[EventDate "2022.??.??"]

1. Nf3 Nf6 2. g3 g6 3. Bg2 Bg7 4. O-O O-O 5. d4 d5 6. c4 c6 7. Nc3 Bf5 8. b3
Ne4 9. Bb2 Nd7 10. Nh4 Nxc3 11. Bxc3 Be6 12. cxd5 cxd5 13. Rc1 Nf6 14. Qd3 Qd7
15. f4 Bf5 16. Nxf5 gxf5 17. e3 Rfc8 18. Rc2 Rc6 19. Rfc1 Rac8 20. Bb4 e6 21.
h3 Bf8 22. Bxf8 Kxf8 23. Bf3 h5 24. Qe2 Kg7 25. Kg2 Kh6 26. Qd3 Qd6 27. Qd2
R8c7 28. Kf2 Kg6 29. Qd3 Ne4+ 30. Bxe4 fxe4 31. Qe2 f5 32. Rxc6 Rxc6 33. Rxc6
Qxc6 34. g4 h4 35. Kg2 Qc1 36. Qf2 Qd1 37. Qf1 Qd2+ 38. Qf2 Qd1 39. Qf1 Qd2+
40. Qf2 Qd1 1/2-1/2

[Event "OLNW 2122 SK Nordhorn Blanke - SF Hanno"]
[Site "?"]
[Date "2022.05.15"]
[Round "5.8"]
[White "Plasman, Hans"]
[Black "Schmidt, Benjamin"]
[Result "1-0"]
[WhiteElo "2043"]
[BlackElo "1896"]
[PlyCount "107"]
[EventDate "2022.??.??"]

1. d4 d5 2. Nf3 Nf6 3. g3 Bf5 4. c4 c6 5. Nc3 e6 6. Qb3 Qb6 7. c5 Qxb3 8. axb3
Be7 9. b4 O-O 10. Nh4 Bc2 11. e3 Nbd7 12. Kd2 Be4 13. f3 Bg6 14. Nxg6 hxg6 15.
b5 Rfc8 16. bxc6 Rxc6 17. b4 Rcc8 18. b5 g5 19. Bd3 g6 20. Ba3 Bf8 21. f4 gxf4
22. gxf4 Ng4 23. Rhg1 Nh6 24. f5 Nxf5 25. Bxf5 exf5 26. Nxd5 a6 27. b6 Rd8 28.
Nc7 Rac8 29. Rgc1 Nb8 30. Bb2 Nd7 31. Ke2 Bg7 32. Kf3 Nb8 33. Bc3 Nc6 34. Ra4
g5 35. Nxa6 bxa6 36. b7 Rb8 37. Rxa6 Nxd4+ 38. exd4 g4+ 39. Ke2 Rxb7 40. Kd3
Rb3 41. Ra4 f4 42. c6 Rc8 43. d5 Be5 44. Re4 Bd6 45. Rf1 g3 46. hxg3 fxg3 47.
Kc2 Ra3 48. Rh4 Ra2+ 49. Kc1 Rh2 50. Rg4+ Kf8 51. Bg7+ Ke7 52. Re4+ Kd8 53.
Rxf7 Rf2 54. Rd7# 1-0

[Event "OLNW 2122 SK Lehrte - SV Werder Bremen"]
[Site "?"]
[Date "2022.05.15"]
[Round "5.1"]
[White "Lichmann, Peter"]
[Black "Stelmaszyk, Nico"]
[Result "1/2-1/2"]
[WhiteElo "2333"]
[BlackElo "2293"]
[PlyCount "118"]
[EventDate "2022.??.??"]

1. e4 c5 2. Nf3 e6 3. d4 cxd4 4. Nxd4 Nc6 5. Bc4 Nf6 6. Nc3 Bb4 7. O-O Bxc3 8.
bxc3 Nxe4 9. Qg4 d5 10. Qxg7 Qf6 11. Qxf6 Nxf6 12. Bd3 Nxd4 13. cxd4 Bd7 14. f3
Rg8 15. Bf4 h5 16. h4 Bc6 17. Rfe1 Nd7 18. Rab1 O-O-O 19. Kh2 Rde8 20. Re2 f6
21. Rbe1 Nf8 22. c4 Rd8 23. cxd5 Rxd5 24. Be4 Rxd4 25. Rc1 Kd7 26. Be3 Ra4 27.
Rb2 Rxe4 28. fxe4 Bxe4 29. Rd1+ Ke7 30. Bc5+ Ke8 31. Bxa7 Nd7 32. Rbd2 Bc6 33.
g3 Rg4 34. Rd4 Rg7 35. Rd6 Ke7 36. Rxd7+ Bxd7 37. Bc5+ Ke8 38. Rd6 Rg4 39. Rd4
e5 40. Rxg4 hxg4 41. Kg2 Kf7 42. Kf2 Be8 43. Ke3 Ke6 44. a3 Kd5 45. Bb4 f5 46.
Bc3 Bh5 47. Be1 Bg6 48. Bc3 b5 49. Be1 Kc4 50. Bb4 f4+ 51. gxf4 e4 52. f5 Bxf5
53. Bd6 Bg6 54. h5 Bh7 55. Kf4 Kd3 56. Bc5 Kd2 57. Kxg4 e3 58. Kf3 e2 59. Bb4+
Kd1 1/2-1/2

[Event "OLNW 2122 SK Lehrte - SV Werder Bremen"]
[Site "?"]
[Date "2022.05.15"]
[Round "5.2"]
[White "Schirm, Friedmar"]
[Black "Kardoeus, David"]
[Result "1-0"]
[WhiteElo "2252"]
[BlackElo "2144"]
[PlyCount "67"]
[EventDate "2022.??.??"]

1. d4 Nf6 2. c4 g6 3. Nc3 Bg7 4. e4 d6 5. Nf3 O-O 6. Be2 e5 7. O-O Bg4 8. Be3
Bxf3 9. Bxf3 exd4 10. Bxd4 Nc6 11. Be3 Re8 12. Qc2 h5 13. Rad1 Ng4 14. Bxg4
hxg4 15. Nd5 Rc8 16. f4 gxf3 17. gxf3 Ne5 18. Qe2 Qh4 19. Kh1 c6 20. Nc3 Re6
21. Rg1 Qh5 22. Rdf1 Bf6 23. b3 Nxf3 24. Qxf3 Qxf3+ 25. Rxf3 Bxc3 26. Rgf1 Rc7
27. Bxa7 Ba5 28. Bd4 Rxe4 29. Bf6 Kf8 30. Rh3 Ke8 31. Rh8+ Kd7 32. Rd8+ Ke6 33.
Re8+ Re7 34. Rxe7# 1-0

[Event "OLNW 2122 SK Lehrte - SV Werder Bremen"]
[Site "?"]
[Date "2022.05.15"]
[Round "5.3"]
[White "Bach, Matthias"]
[Black "Schruefer, Guenther"]
[Result "1/2-1/2"]
[WhiteElo "2226"]
[BlackElo "2177"]
[PlyCount "137"]
[EventDate "2022.??.??"]

1. d4 Nf6 2. c4 g6 3. Nc3 d5 4. cxd5 Nxd5 5. Bd2 Bg7 6. e4 Nxc3 7. Bxc3 c5 8.
d5 Bxc3+ 9. bxc3 e6 10. Bc4 exd5 11. Bxd5 O-O 12. h4 Nd7 13. h5 Nb6 14. hxg6
hxg6 15. c4 Nxd5 16. cxd5 Re8 17. f3 f5 18. Qb3 Qf6 19. Rd1 fxe4 20. d6+ Be6
21. Qxb7 exf3 22. Qh7+ Kf8 23. Qh6+ Qg7 24. Kf2 fxg2 25. Kxg2 Qxh6 26. Rxh6 Kg7
27. Rh4 Rad8 28. Nf3 Kf6 29. Ra4 Rd7 30. Kg3 Rc8 31. Ra6 c4 32. Kf4 Rc5 33. Ke3
Bg4 34. Rf1 Rf5 35. Rc6 Bxf3 36. Rxf3 Rxf3+ 37. Kxf3 Ke5 38. Rxc4 Rxd6 39. Ra4
a6 40. Ke3 Kd5 41. Kd3 Kc5+ 42. Kc3 Rc6 43. Kd3 Re6 44. Rg4 Kd5 45. Rg5+ Kd6
46. Rg1 Ke7 47. a4 Kf6 48. Rf1+ Kg7 49. Rb1 g5 50. Rb7+ Kf6 51. a5 Ke5 52. Rg7
Kf4 53. Rf7+ Kg3 54. Kd4 g4 55. Rb7 Re8 56. Rb6 Ra8 57. Kc5 Rg8 58. Rxa6 Kf2
59. Rc6 g3 60. Kb6 g2 61. Rc2+ Ke3 62. Rxg2 Rxg2 63. a6 Kd4 64. a7 Rg6+ 65. Kb7
Rg7+ 66. Kb6 Rg8 67. Kb7 Kc5 68. a8=Q Rxa8 69. Kxa8 1/2-1/2

[Event "OLNW 2122 SK Lehrte - SV Werder Bremen"]
[Site "?"]
[Date "2022.05.15"]
[Round "5.4"]
[White "Zschischang, Marine"]
[Black "Steffens, Olaf"]
[Result "1/2-1/2"]
[WhiteElo "2076"]
[BlackElo "2085"]
[PlyCount "102"]
[EventDate "2022.??.??"]

1. d4 c6 2. c4 d6 3. e4 h6 4. Nc3 Nd7 5. Be3 g5 6. Be2 Bg7 7. h4 Nf8 8. hxg5
hxg5 9. Rxh8 Bxh8 10. Qd2 Qa5 11. O-O-O Ne6 12. Nh3 Bd7 13. Kb1 c5 14. d5 Nd4
15. Nxg5 Nxe2 16. Nxe2 Qa6 17. Qc2 b5 18. cxb5 Bxb5 19. Nc3 Bc4 20. Qa4+ Qxa4
21. Nxa4 Rb8 22. Bd2 Nf6 23. f3 Bg7 24. Rh1 Kf8 25. Nh7+ Nxh7 26. Rxh7 Kg8 27.
Rh1 Bb5 28. Nc3 Bd3+ 29. Kc1 e6 30. dxe6 fxe6 31. Nd1 d5 32. exd5 exd5 33. Rh5
Bf1 34. Rxd5 Bxg2 35. Rxc5 Bxf3 36. Nc3 Rb7 37. a3 Bd4 38. Rg5+ Rg7 39. Rxg7+
Kxg7 40. Nb5 Bb6 41. Bc3+ Kf8 42. Bd4 a6 43. Bxb6 axb5 44. Kd2 Ke7 45. Ke3 Bh1
46. Kd4 Kd6 47. Kc3 Kc6 48. Bg1 Bg2 49. Kb4 Bf3 50. a4 bxa4 51. Kxa4 Be2
1/2-1/2

[Event "OLNW 2122 SK Lehrte - SV Werder Bremen"]
[Site "?"]
[Date "2022.05.15"]
[Round "5.5"]
[White "Pollmann, Sascha"]
[Black "Zschischang, Gunnar"]
[Result "1-0"]
[WhiteElo "2075"]
[BlackElo "2094"]
[PlyCount "83"]
[EventDate "2022.??.??"]

1. Nf3 d5 2. g3 Nf6 3. Bg2 e6 4. O-O Be7 5. d4 Nbd7 6. c4 c6 7. Qc2 Ne4 8. Nbd2
f5 9. Ne5 Nxe5 10. dxe5 Nxd2 11. Bxd2 O-O 12. b4 Bd7 13. Rfd1 b5 14. c5 Qe8 15.
a4 a6 16. Qd3 bxa4 17. Rxa4 Bc8 18. Rda1 Bb7 19. f4 Qc8 20. e3 Qc7 21. Bc3 Ra7
22. Bd4 Rfa8 23. Qa3 Bd8 24. Bc3 Qc8 25. Bf1 Be7 26. Bd4 Qe8 27. Qb2 Qb8 28.
Bd3 Qc8 29. Qe2 g6 30. h3 Kh8 31. Kh2 Bd8 32. Bc3 Be7 33. Bd4 Bd8 34. Qe1 Be7
35. R4a2 Qf8 36. Qc3 Qe8 37. Qc2 Qb8 38. g4 Qe8 39. Qe2 Qc8 40. gxf5 exf5 41.
e6+ Kg8 42. Bxf5 1-0

[Event "OLNW 2122 SK Lehrte - SV Werder Bremen"]
[Site "?"]
[Date "2022.05.15"]
[Round "5.6"]
[White "Beduerftig, Heinrich"]
[Black "Buescher, Andre"]
[Result "1/2-1/2"]
[WhiteElo "2145"]
[BlackElo "2046"]
[PlyCount "44"]
[EventDate "2022.??.??"]

1. c4 Nf6 2. Nf3 g6 3. g3 Bg7 4. Bg2 c6 5. Nc3 d5 6. cxd5 cxd5 7. d4 Ne4 8.
Nxe4 dxe4 9. Ne5 Nd7 10. Nxd7 Qxd7 11. Bxe4 Qxd4 12. Qxd4 Bxd4 13. O-O O-O 14.
Rd1 Be5 15. Be3 a5 16. Bd4 Bxd4 17. Rxd4 Be6 18. b3 Rab8 19. Bd5 Rfd8 20. Rad1
Rd6 21. Bxe6 Rxe6 22. e3 Kg7 1/2-1/2

[Event "OLNW 2122 SK Lehrte - SV Werder Bremen"]
[Site "?"]
[Date "2022.05.15"]
[Round "5.7"]
[White "Schat, Carlos"]
[Black "Meiwes, Thore"]
[Result "0-1"]
[WhiteElo "2013"]
[BlackElo "2080"]
[PlyCount "68"]
[EventDate "2022.??.??"]

1. Nf3 Nf6 2. c4 e6 3. g3 a6 4. Bg2 b5 5. Ne5 Ra7 6. Qb3 Bb7 7. Bxb7 Rxb7 8. a4
b4 9. d4 c5 10. d5 d6 11. Nd3 e5 12. O-O e4 13. Ne1 g6 14. f3 Bg7 15. Bf4 O-O
16. Nd2 exf3 17. Nexf3 Re7 18. Rae1 Rfe8 19. e4 Nxe4 20. Nxe4 Rxe4 21. Rxe4
Rxe4 22. Nd2 Re8 23. Qf3 f5 24. b3 g5 25. Bxd6 Qxd6 26. Qxf5 Qg6 27. Qh3 g4 28.
Qg2 Qd3 29. d6 Qxd6 30. Ne4 Qd4+ 31. Nf2 Rf8 32. Kh1 Qe3 33. Qd5+ Kh8 34. Kg2
Qf3+ 0-1

[Event "OLNW 2122 SK Lehrte - SV Werder Bremen"]
[Site "?"]
[Date "2022.05.15"]
[Round "5.8"]
[White "Tenninger, Marc"]
[Black "Helms, Finn"]
[Result "1/2-1/2"]
[WhiteElo "1833"]
[BlackElo "1904"]
[PlyCount "107"]
[EventDate "2022.??.??"]

1. d4 Nf6 2. Nf3 g6 3. Bf4 Bg7 4. Nbd2 d5 5. h3 O-O 6. e3 c5 7. c3 Qb6 8. Qb3
c4 9. Qxb6 axb6 10. Be2 Nc6 11. O-O h6 12. Ne5 g5 13. Nxc6 bxc6 14. Be5 Nd7 15.
Bxg7 Kxg7 16. f4 gxf4 17. exf4 b5 18. a3 Nb6 19. g4 Na4 20. Rab1 f6 21. Kg2 Kh7
22. Nf3 Rg8 23. Nh4 f5 24. Kg3 fxg4 25. hxg4 Bxg4 26. Bxg4 h5 27. Rfe1 Rxg4+
28. Kh3 Rag8 29. Rxe7+ R8g7 30. Nf5 Rxe7 31. Nxe7 Rxf4 32. Nxc6 Rf2 33. Na7
Rxb2 34. Rxb2 Nxb2 35. Nxb5 Na4 36. Nc7 Nxc3 37. a4 Ne2 38. Nxd5 Nxd4 39. a5
Nb5 40. a6 Kg6 41. Kh4 Kh6 42. Nc3 Na7 43. Nd5 Kg6 44. Nc3 Nc6 45. Nb5 Kf6 46.
Kxh5 Ke5 47. a7 Nxa7 48. Nxa7 c3 49. Nc6+ Kd5 50. Nb4+ Kc4 51. Nc2 Kd3 52. Nb4+
Kd2 53. Kg4 Kc1 54. Na2+ 1/2-1/2

[Event "OLNW 2122 SK Union Oldenburg - HSK List"]
[Site "?"]
[Date "2022.05.15"]
[Round "5.1"]
[White "Schneider, Ilja"]
[Black "Mueer, Sebastian"]
[Result "1-0"]
[WhiteElo "2478"]
[BlackElo "2202"]
[PlyCount "47"]
[EventDate "2022.??.??"]

1. e4 c5 2. Nc3 d6 3. d4 cxd4 4. Qxd4 Nc6 5. Qd2 g6 6. b3 Bh6 7. f4 Nf6 8. Bb2
e5 9. g3 O-O 10. O-O-O Nd4 11. Nge2 Bg4 12. Nxd4 exd4 13. Qxd4 Bxd1 14. Nxd1
Bg7 15. Ne3 Qa5 16. b4 Qxa2 17. Bc4 Qa4 18. Nd5 Nh5 19. Qd3 Kh8 20. g4 Bxb2+
21. Kxb2 Nxf4 22. Qc3+ f6 23. Nxf6 Kg7 24. Ng8+ 1-0

[Event "OLNW 2122 SK Union Oldenburg - HSK List"]
[Site "?"]
[Date "2022.05.15"]
[Round "5.2"]
[White "Wittje, Berthold"]
[Black "Abel, Dennes"]
[Result "1/2-1/2"]
[WhiteElo "2229"]
[BlackElo "2426"]
[PlyCount "118"]
[EventDate "2022.??.??"]

1. Nf3 d5 2. g3 c6 3. Bg2 Nf6 4. O-O Bg4 5. c4 e6 6. cxd5 Bxf3 7. Bxf3 cxd5 8.
Nc3 Nc6 9. d3 Be7 10. Qb3 Qd7 11. Bg2 O-O 12. Bf4 Nd4 13. Qd1 Rac8 14. Rc1 a6
15. Be3 Nf5 16. Bf4 Nd4 17. Be3 Bc5 18. Bg5 Ne8 19. e3 Nf5 20. e4 Be7 21. Bxe7
Nxe7 22. exd5 Nxd5 23. Nxd5 Rxc1 24. Qxc1 exd5 25. Qc5 Nf6 26. Rc1 Re8 27. Bf3
h5 28. h4 Qf5 29. Kg2 Qxd3 30. Rd1 Qf5 31. Qd6 Qe6 32. Qc7 b5 33. Rc1 Qf5 34.
Qb6 Rc8 35. Rc6 Rxc6 36. Qxc6 Qe6 37. Qc5 g6 38. b3 Kh7 39. a4 Ne4 40. Qd4 bxa4
41. bxa4 a5 42. Qe3 Qc6 43. Qa7 Kg7 44. Qxa5 Qc2 45. Qa7 Qd3 46. Qe3 Qc4 47. a5
Qa2 48. Qb6 Nxf2 49. Qxf2 Qxa5 50. Qd4+ Kg8 51. Bxd5 Qb5 52. Qe5 Qd7 53. Kh2
Kf8 54. Qb8+ Kg7 55. Qb7 Qxb7 56. Bxb7 f5 57. Bc6 g5 58. Kh3 Kh6 59. Be8 f4
1/2-1/2

[Event "OLNW 2122 SK Union Oldenburg - HSK List"]
[Site "?"]
[Date "2022.05.15"]
[Round "5.3"]
[White "Walter, Stefan"]
[Black "Bredemeier, Dirk"]
[Result "1/2-1/2"]
[WhiteElo "2387"]
[BlackElo "2238"]
[PlyCount "161"]
[EventDate "2022.??.??"]

1. d4 Nf6 2. Nf3 c5 3. d5 b5 4. e4 Nxe4 5. Bd3 Nd6 6. O-O e6 7. Bf4 Bb7 8. Re1
c4 9. Bf1 Be7 10. a4 a6 11. axb5 axb5 12. Rxa8 Bxa8 13. Qd4 O-O 14. Nc3 Nf5 15.
Qa7 b4 16. Qxa8 bxc3 17. bxc3 Qb6 18. Nd2 Nc6 19. Nxc4 Qc5 20. Qb7 exd5 21. Nb6
Qxc3 22. Rb1 Nb4 23. Nxd5 Nxd5 24. Qxd5 g6 25. Bd3 Qd4 26. Qxd4 Nxd4 27. Rb7
Ne6 28. Rxd7 Nxf4 29. Rxe7 Nxd3 30. cxd3 Rd8 31. Re3 h5 32. h4 Kg7 33. Kf1 Kf6
34. Ke2 Kf5 35. Re7 f6 36. Ke3 g5 37. Re4 Ra8 38. hxg5 fxg5 39. Re7 h4 40. Rf7+
Ke6 41. Rb7 Ra5 42. Rb2 Kd5 43. Re2 Ra4 44. Rc2 Rg4 45. Kf3 Rf4+ 46. Ke3 Rg4
47. f3 Ra4 48. Rc4 Ra5 49. Re4 Kd6 50. Kf2 Rf5 51. Ra4 Rb5 52. Ke3 Re5+ 53. Kd2
Rb5 54. Rg4 Rf5 55. Ke3 Re5+ 56. Kf2 Rd5 57. Kg1 Ke6 58. Kh2 Kf5 59. d4 Ra5 60.
Re4 Rd5 61. Kh3 Rd6 62. Kh2 Rd5 63. Kg1 Ra5 64. Kf2 Ra2+ 65. Re2 Ra5 66. Rd2
Ke6 67. g3 hxg3+ 68. Kxg3 Rf5 69. Ra2 Rf4 70. Ra6+ Kf5 71. Rd6 Rh4 72. Rd5+ Kf6
73. Rd8 Ke7 74. Rd5 Kf6 75. Kf2 g4 76. Kg3 gxf3 77. Kxf3 Ke6 78. Re5+ Kd6 79.
Ke3 Rg4 80. Rh5 Rg1 81. Ke4 1/2-1/2

[Event "OLNW 2122 SK Union Oldenburg - HSK List"]
[Site "?"]
[Date "2022.05.15"]
[Round "5.4"]
[White "Meessen, Max"]
[Black "Hampel, Felix"]
[Result "0-1"]
[WhiteElo "2184"]
[BlackElo "2306"]
[PlyCount "116"]
[EventDate "2022.??.??"]

1. e4 c5 2. Nf3 e6 3. d4 cxd4 4. Nxd4 Nc6 5. Nc3 Qc7 6. Be3 a6 7. g4 b5 8. Nxc6
Qxc6 9. Qd2 b4 10. Ne2 Qxe4 11. Rg1 Qc4 12. Nf4 Qc7 13. O-O-O d5 14. Bg2 Bb7
15. Rge1 O-O-O 16. Bd4 Bd6 17. Nd3 Nf6 18. f3 Rhe8 19. Ne5 Re7 20. Kb1 Nd7 21.
Nxd7 Rdxd7 22. Bxg7 Kb8 23. Bf8 Re8 24. Bxd6 Qxd6 25. f4 Rc7 26. Bf1 f6 27. Bd3
a5 28. h4 Rg7 29. g5 fxg5 30. hxg5 Rf8 31. Re5 Rgf7 32. Rde1 Bc8 33. b3 Qc5 34.
Qe3 Qxe3 35. R5xe3 Rxf4 36. Bxh7 Rg4 37. Re5 Kc7 38. Kc1 Kd6 39. Bg6 Rg8 40.
Bf7 R8xg5 41. Rxe6+ Bxe6 42. Rxe6+ Kc5 43. Re1 Rg1 44. Rxg1 Rxg1+ 45. Kb2 Kd4
46. Be8 Ke4 47. Bc6 Rg2 48. Bd7 Rg3 49. Be8 Ke3 50. Bd7 Kf4 51. Be6 Ke4 52. Bd7
Rc3 53. Be8 Kf5 54. Bd7+ Kf6 55. a3 Ke5 56. axb4 axb4 57. Be8 Kf4 58. Bg6 Ke3
0-1

[Event "OLNW 2122 SK Union Oldenburg - HSK List"]
[Site "?"]
[Date "2022.05.15"]
[Round "5.5"]
[White "Voege, Tobias"]
[Black "Wagner, Jan"]
[Result "1-0"]
[WhiteElo "2286"]
[BlackElo "2179"]
[PlyCount "81"]
[EventDate "2022.??.??"]

1. d4 g6 2. c4 Bg7 3. Nc3 d6 4. Nf3 Bg4 5. Bg5 c5 6. d5 Nf6 7. Qc2 O-O 8. e3
Qa5 9. Nd2 h6 10. Bh4 Na6 11. h3 Bd7 12. Be2 Nc7 13. a4 e6 14. dxe6 Bxe6 15.
Bf3 Rad8 16. O-O d5 17. cxd5 Ncxd5 18. Bxd5 Bxd5 19. e4 g5 20. exd5 gxh4 21.
Nc4 Qa6 22. Ne3 Rfe8 23. a5 Re5 24. Ra4 Rde8 25. Rxh4 Qxa5 26. Nc4 Qb4 27. Na2
Qb5 28. Nxe5 Rxe5 29. Nc3 Qd7 30. Rd1 b5 31. d6 Re6 32. Qd3 c4 33. Qg3 b4 34.
Nd5 Nxd5 35. Rxd5 c3 36. Rg4 Rg6 37. Rxg6 fxg6 38. bxc3 bxc3 39. Qxg6 Qf7 40.
Qxf7+ Kxf7 41. d7 1-0

[Event "OLNW 2122 SK Union Oldenburg - HSK List"]
[Site "?"]
[Date "2022.05.15"]
[Round "5.7"]
[White "Gabriel, Uwe"]
[Black "Buerckner, Hartmut"]
[Result "1-0"]
[WhiteElo "1963"]
[BlackElo "2185"]
[PlyCount "98"]
[EventDate "2022.??.??"]

1. d4 Nf6 2. c4 e6 3. Nc3 Bb4 4. Nf3 c5 5. Bd2 cxd4 6. Nxd4 a6 7. a3 Be7 8. e3
O-O 9. Be2 Nc6 10. O-O d6 11. b4 Bd7 12. Qb3 h6 13. Bf3 Rb8 14. b5 Na5 15. Qa4
e5 16. Nb3 Nxb3 17. Qxb3 Be6 18. Nd5 Bxd5 19. Bxd5 Nd7 20. a4 Kh8 21. Rfd1 f5
22. Rac1 Nc5 23. Qa3 a5 24. Bc3 b6 25. Rc2 Qe8 26. f3 Bh4 27. Bb2 Qg6 28. Qa2
Be7 29. Ba3 Nxa4 30. Bxd6 Bxd6 31. Qxa4 Bc5 32. Re2 Qg5 33. Qb3 f4 34. Kh1 Bxe3
35. Qa3 Bc5 36. Qc3 Rf5 37. Be6 Bd4 38. Qa3 Rff8 39. Bd5 Rfd8 40. Qd3 Rbc8 41.
Qe4 h5 42. g3 fxg3 43. hxg3 Rd6 44. f4 Qxg3 45. fxe5 Rg6 46. Qxd4 Rg4 47. Rh2
g6 48. Qxb6 Qxe5 49. Qe6 Qxe6 1-0